| 000 | 01182nam a2200325 4500 | ||
|---|---|---|---|
| 003 | EC-UNACH | ||
| 006 | s||||gr|||| 00| 00 | ||
| 008 | 150116t9999 mx r gr 000 0 spa d | ||
| 020 | _a978-9942-661-75-3 | ||
| 040 |
_aEC-UNACH _cEC-UNACH |
||
| 041 | _aspa | ||
| 082 | 0 | 4 |
_223 _a900 _bL017788 |
| 100 | _aPonce Naranjo, Genoveva Verónica / Ponce Naranjo Ivonne Eulalia | ||
| 245 | _aDesde las rutas... Historias contadas al oído | ||
| 250 | _aPrimera edición | ||
| 264 |
_aRiobamba - Ecuador _bEditorial UNACH _c2025 |
||
| 264 | _aProducción UNACH | ||
| 300 | _a110 páginas | ||
| 501 | _aIncluye índice | ||
| 505 | _aDesde lo vivido -- De violencia y silencios -- De llegadas y despedidas -- Maravillosas existencias -- De costumbres y extrañezas -- hábitos lúdicos. | ||
| 650 | _aLITERATURA | ||
| 650 | _aPENSAMIENTO COLONIAL | ||
| 650 | _aPROCESO SOCIAL | ||
| 856 |
_uhttps://doi.org/10.37135/u.editorial.05.151 _yLibro Digital - Desde las rutas... Historias contadas al oído |
||
| 942 |
_2ddc _cEBOOK |
||
| 999 | _c13587 | ||